000 00592nam a2200253Ia 4500
005 20260121153822.0
008 008 260114s9999 xx 000 0 eng d
020 _a9781315592435
037 _aEBOOK
040 _aCRL
040 _beng
040 _cCRL
041 _2eng
041 _aeng
084 _qCRL
100 _aBjørn Thomassen
_9999503
245 0 _aLiminality and the Modern
260 _bTaylor and Francis
260 _c2014
856 _uhttp://www.taylorfrancis.com/books/9781315592435
942 _cEBOOK
999 _c1566324
_d1566324